00416nam a2200157Ia 4500008004100000020002200041041000800063082001900071100002000090245004800110260003300158300000900191500001700200650002300217700001800240220803s9999 xx 000 0 und d a978-93-80582-15-3 aeng a891.46 BHA/SAR aBhatevara P Ed. aAjachi Stri Aani Apan Atmanirbhar Kase Vhal aPunebWow Publicationsc2011 a280p aArchitecture aMarathi Literature aSarda N Tran.